| 000 | 00560cam a2200193ua 4500 | ||
|---|---|---|---|
| 001 | 12150 | ||
| 005 | 20260515114838.0 | ||
| 008 | 200224n ii |||gr||||Z||||||eng | ||
| 020 | _a9788183704199 | ||
| 040 | _cMAIN | ||
| 082 | _a301.0954 | ||
| 100 |
_aRadhesyam Oinam, _eAuthor. |
||
| 245 |
_aHandloom industry of north east india : _bmarketing practices and strategic choices / _cBy Radhesyam Oinam . |
||
| 250 | _a1st ed. | ||
| 260 |
_aDelhi: _bAkansha publishing house, _c2015. |
||
| 300 | _a218p. | ||
| 653 | _aSociology & anthropology | ||
| 942 | _cBK | ||
| 999 |
_c10904 _d10904 |
||